|
|
|
|
| LEADER |
00000cam a22000002c 4500 |
| 001 |
1840058722 |
| 003 |
DE-627 |
| 005 |
20260105204304.0 |
| 007 |
cr uuu---uuuuu |
| 008 |
230324s1991 xx |||||o 00| ||eng c |
| 024 |
7 |
|
|a 10.3886/ICPSR09481.v2
|2 doi
|
| 035 |
|
|
|a (DE-627)1840058722
|
| 035 |
|
|
|a (DE-599)KXP1840058722
|
| 040 |
|
|
|a DE-627
|b ger
|c DE-627
|e rda
|
| 041 |
|
|
|a eng
|
| 084 |
|
|
|a 2,1
|2 ssgn
|
| 100 |
1 |
|
|a Dunford, Franklyn W.
|e VerfasserIn
|4 aut
|
| 109 |
|
|
|a Dunford, Franklyn W.
|a Dunford, F. W.
|
| 245 |
1 |
0 |
|a Domestic Violence Experience in Omaha, Nebraska, 1986-1987
|
| 264 |
|
1 |
|a [Erscheinungsort nicht ermittelbar]
|b [Verlag nicht ermittelbar]
|c 1991
|
| 336 |
|
|
|a Text
|b txt
|2 rdacontent
|
| 337 |
|
|
|a Computermedien
|b c
|2 rdamedia
|
| 338 |
|
|
|a Online-Ressource
|b cr
|2 rdacarrier
|
| 520 |
|
|
|a The purpose of this data collection was to corroborate the findings of SPECIFIC DETERRENT EFFECTS OF ARREST FOR DOMESTIC ASSAULT: MINNEAPOLIS, 1981-1982 (ICPSR 8250) that arrest is an effective deterrent against continued domestic assaults. The data addressed the following questions: (1) To what extent does arrest decrease the likelihood of continued violence, as assessed by the victim? (2) To what extent does arrest decrease the likelihood of continued complaints of crime, as assessed by police records? (3) What are the differences in arrest recidivism between cases that involved arrest versus cases that involved mediation, separation, warrant issued, or no warrant issued? Domestic violence cases in three sectors of Omaha, Nebraska, meeting established eligibility criteria, were assigned to one of five experimental treatments: mediation, separation, arrest, warrant issued, or no warrant issued. Data for victim reports were collected from three interviews with the victims conducted one week, six months, and 12 months after the domestic violence incident. Arrest, charge, and complaint data were collected on the suspects at six- and twelve-month intervals following the original domestic violence incident. The investigators used arrest recidivism, continued complaints of crime, and victim reports of repeated violence (fear of injury, pushing/hitting, and physical injury) as outcome measures to assess the extent to which treatments prevented subsequent conflicts. Other variables include victim's level of fear, self-esteem, locus of control, and welfare dependency, changes in the relationship between suspect and victim, extent of the victim's injury, and extent of drug use by the victim and the suspect. Demographic variables include race, age, sex, income, occupational status, and marital status.
|
| 540 |
|
|
|a ICPSR Terms of Use
|
| 650 |
|
4 |
|a Arrests
|
| 650 |
|
4 |
|a Crime reporting
|
| 650 |
|
4 |
|a Deterrence
|
| 650 |
|
4 |
|a Domestic assault
|
| 650 |
|
4 |
|a Domestic Violence
|
| 650 |
|
4 |
|a Recidivism
|
| 650 |
|
4 |
|a Treatment
|
| 650 |
|
4 |
|a Victims
|
| 655 |
|
7 |
|a Forschungsdaten
|0 (DE-588)1098579690
|0 (DE-627)857755366
|0 (DE-576)469182156
|2 gnd-content
|
| 700 |
1 |
|
|a Elliott, Delbert S.
|e MitwirkendeR
|4 ctb
|
| 700 |
1 |
|
|a Huizinga, David
|e MitwirkendeR
|4 ctb
|
| 787 |
0 |
8 |
|i Forschungsdaten zu
|a Piquero, Ales R.
|t Assessing the offending activity of criminal domestic violence suspects: Offense specialization, escalation, and de-escalation evidence from the Spouse Assault Replication Program
|d 2006
|w (DE-627)1912462419
|
| 787 |
0 |
8 |
|i Forschungsdaten zu
|a Berk, Richard
|t The Deterrent Effect of Arrest: A Bayesian Analysis of Four Field Experiments
|d 1992
|w (DE-627)1912510995
|
| 787 |
0 |
8 |
|i Forschungsdaten zu
|a Farmer, Amy, 1966 -
|t An economic analysis of domestic violence
|d 1997
|w (DE-627)1912526069
|
| 787 |
0 |
8 |
|i Forschungsdaten zu
|a Maxwell, Christopher D.
|t The effects of arrest on intimate partner violence: New evidence from the spouse assault replication program
|d United States Department of Justice, National Institute of Justice, 2001
|w (DE-627)1912530325
|
| 787 |
0 |
8 |
|i Forschungsdaten zu
|a Braga, Anthony Allan, 1969 -
|t The growth of randomized experiments in policing: The vital few and the salience of monitoring
|d 2014
|w (DE-627)1912569442
|
| 787 |
0 |
8 |
|i Forschungsdaten zu
|a Farrington, David, 1944 - 2024
|t A half century of randomized experiments on crime and justice
|d 2006
|w (DE-627)1912570351
|
| 787 |
0 |
8 |
|i Forschungsdaten zu
|a Kim, Jinseok
|t Leave or stay?: Battered women's decision after intimate partner violence
|d 2008
|w (DE-627)1912607603
|
| 787 |
0 |
8 |
|i Forschungsdaten zu
|a Mills, Linda G., 1951 -
|t Mandatory arrest and prosecution policies for domestic violence
|d 1998
|w (DE-627)1895025087
|
| 787 |
0 |
8 |
|i Forschungsdaten zu
|a Hoppe, Susan J.
|t Mandatory arrest for domestic violence and repeat offending: A meta-analysis
|d 2020
|w (DE-627)1912615673
|
| 787 |
0 |
8 |
|i Forschungsdaten zu
|a Dunford, Franklyn W.
|t The measurement of recidivism in cases of spouse assault
|d 1992
|w (DE-627)1912618109
|
| 787 |
0 |
8 |
|i Forschungsdaten zu
|a Yates, Donald L.
|t Mediation Verses Arrest Approaches to Domestic Assault: Policy Implications for Addressing Domestic Abuse Among Under-Educated and Jobless Offenders
|d 2008
|w (DE-627)1764208188
|
| 787 |
0 |
8 |
|i Forschungsdaten zu
|a Dunford, Franklyn W.
|t The Omaha Domestic Violence Police Experiment
|d United States Department of Justice, National Institute of Justice, 1989
|w (DE-627)1912640473
|
| 787 |
0 |
8 |
|i Forschungsdaten zu
|a Sherman, Lawrence W., 1949 -
|t Policing Domestic Violence: Experiments and Dilemmas
|d [Erscheinungsort nicht ermittelbar] : Free Press, 1992
|w (DE-627)1912654474
|
| 787 |
0 |
8 |
|i Forschungsdaten zu
|a Maxwell, Christopher D.
|t The preventive effects of arrest on intimate partner violence: Research, policy and theory
|d 2002
|w (DE-627)191266271X
|
| 787 |
0 |
8 |
|i Forschungsdaten zu
|a Garner, Joel H.
|t Prosecution and conviction rates for intimate partner violence
|d 2009
|w (DE-627)1912667533
|
| 787 |
0 |
8 |
|i Forschungsdaten zu
|a Garner, Joel H.
|t Published finding from the Spouse Assault Replication Program: A critical review
|d 1995
|w (DE-627)191267081X
|
| 787 |
0 |
8 |
|i Forschungsdaten zu
|a Fagan, Jeffrey
|t Reducing Injuries to Women in Domestic Assaults, Final Report
|d [Erscheinungsort nicht ermittelbar] : United States Department of Health and Human Service, Centers for Disease Control and Prevention, 1997
|w (DE-627)1912680009
|
| 787 |
0 |
8 |
|i Forschungsdaten zu
|a Buzawa, Eve S.
|t Responding to Domestic Violence: The Integration of Criminal Justice and Human Services
|d [Erscheinungsort nicht ermittelbar] : Sage Publications, 2012
|w (DE-627)1912687976
|
| 787 |
0 |
8 |
|i Forschungsdaten zu
|a Dunford, Franklyn W.
|t The Role of Arrest in Domestic Assault: The Omaha Police Experiment
|d 1990
|w (DE-627)1912692198
|
| 787 |
0 |
8 |
|i Forschungsdaten zu
|a Dunford, Franklyn W.
|t System-initiated warrants for suspects of misdemeanor domestic assault: A pilot study
|d 1990
|w (DE-627)1912720515
|
| 787 |
0 |
8 |
|i Forschungsdaten zu
|a Garner, Joel H.
|t What are the lessons of the police arrest studies?
|d 2000
|w (DE-627)1912746794
|
| 856 |
4 |
0 |
|u https://doi.org/10.3886/ICPSR09481.v2
|x Resolving-System
|z kostenfrei
|3 Volltext
|7 0
|
| 935 |
|
|
|a mkri
|
| 951 |
|
|
|a BO
|
| ELC |
|
|
|a 1
|
| LOK |
|
|
|0 000 xxxxxcx a22 zn 4500
|
| LOK |
|
|
|0 001 4296806351
|
| LOK |
|
|
|0 003 DE-627
|
| LOK |
|
|
|0 004 1840058722
|
| LOK |
|
|
|0 005 20230324125258
|
| LOK |
|
|
|0 008 230324||||||||||||||||ger|||||||
|
| LOK |
|
|
|0 035
|a (DE-2619)ICPSR9481
|
| LOK |
|
|
|0 040
|a DE-2619
|c DE-627
|d DE-2619
|
| LOK |
|
|
|0 092
|o n
|
| LOK |
|
|
|0 852
|a DE-2619
|
| LOK |
|
|
|0 852 1
|9 00
|
| LOK |
|
|
|0 935
|a foda
|a nacj
|
| LOK |
|
|
|0 939
|a 24-03-23
|b l01
|
| OAS |
|
|
|a 1
|
| ORI |
|
|
|a SA-MARC-krimdoka001.raw
|